[Event "Hoersching op 4th"]
[Site "Hoersching"]
[Date "2016.08.29"]
[Round "1"]
[White "Mostbauer, Maximilian"]
[Black "Driessen, Frank"]
[Result "1-0"]
[WhiteElo "2142"]
[BlackElo "1656"]
[PlyCount "63"]
[EventDate "2016.08.29"]
[EventType "swiss"]
[EventRounds "7"]
[EventCountry "AUT"]
[SourceTitle "CBM 174 Extra"]
[Source "ChessBase"]
[SourceDate "2016.10.10"]
[SourceVersion "1"]
[SourceVersionDate "2016.10.10"]
[SourceQuality "1"]

1. d4 d5 2. Nf3 Nf6 3. c4 e6 4. Nc3 Nbd7 5. Bg5 Be7 6. e3 b6 7. cxd5 exd5 8. Bxf6 Nxf6 9. Bb5+ Kf8 10. Bc6 Rb8 11. Ne5 a6 12. Qf3 Be6 13. g4 Bb4 14. 0-0 Bxc3 15. bxc3 b5 16. h3 Rb6 17. a4 bxa4 18. Rxa4 Ne4 19. Rfa1 Ng5 20. Qg2 Bc8 21. f4 Ne4 22. c4 f6 23. cxd5 fxe5 24. Qxe4 exd4 25. exd4 Qe7 26. Re1 Qxe4 27. Rxe4 g6 28. Re8+ Kg7 29. Re7+ Kf6 30. Rxc7 Rb2 31. g5+ Kf5 32. Rxc8 1-0